Геологическая интерпретация геофизических данных: учебное пособие

Xehetasun bibliografikoak
Egile nagusia: Ежова А. В. Александра Викторовна
Erakunde egilea: Национальный исследовательский Томский политехнический университет (ТПУ)
Gaia:В учебном пособии изложены общие принципы и задачи промысловых геофизических исследований, проводимых в скважинах (электрических, радиоактивных, акустических и др. методов); приведены основные положения системного анализа осадочных толщ по промыслово-геофизическим данным; рассмотрены геологические основы картирования осадочных толщ при интерпретации геофизических материалов; описаны критерии выделения коллекторов, оценки их свойств и прогноз их распространения по данным электрометрии скважин. Пособие предназначено для студентов вузов нефтегазового профиля, специальностей «Геология нефти и газа», «Разработка и эксплуатация нефтяных и газовых скважин», а также для студентов, аспирантов и других специалистов, занимающихся научными исследованиями в области нефтяной геологии.
Hizkuntza:errusiera
Argitaratua: Томск, Изд-во ТПУ, 2012
Edizioa:3-е изд.
Gaiak:
Formatua: Liburua
KOHA link:https://koha.lib.tpu.ru/cgi-bin/koha/opac-detail.pl?biblionumber=232352

MARC

LEADER 00000nam0a2200000 4500
001 232352
005 20231101231149.0
035 |a (RuTPU)RU\TPU\book\253390 
035 |a RU\TPU\book\92007 
090 |a 232352 
100 |a 20130212d2012 m y0rusy50 ca 
101 0 |a rus 
102 |a RU 
105 |a a j 001zy 
200 1 |a Геологическая интерпретация геофизических данных  |e учебное пособие  |f А. В. Ежова  |g Национальный исследовательский Томский политехнический университет (ТПУ) 
205 |a 3-е изд. 
210 |a Томск  |c Изд-во ТПУ  |d 2012 
215 |a 114 с.  |c ил. 
320 |a Библиогр.: с. 111-112. 
320 |a Словарь терминов: с. 101-110. 
330 |a В учебном пособии изложены общие принципы и задачи промысловых геофизических исследований, проводимых в скважинах (электрических, радиоактивных, акустических и др. методов); приведены основные положения системного анализа осадочных толщ по промыслово-геофизическим данным; рассмотрены геологические основы картирования осадочных толщ при интерпретации геофизических материалов; описаны критерии выделения коллекторов, оценки их свойств и прогноз их распространения по данным электрометрии скважин. Пособие предназначено для студентов вузов нефтегазового профиля, специальностей «Геология нефти и газа», «Разработка и эксплуатация нефтяных и газовых скважин», а также для студентов, аспирантов и других специалистов, занимающихся научными исследованиями в области нефтяной геологии. 
451 1 |0 (RuTPU)RU\TPU\book\77747  |t Геологическая интерпретация геофизических данных  |o учебное пособие  |f А. В. Ежова  |g ТПУ  |c Томск  |n Изд-во ТПУ  |d 2004  |p 114 с.  |a Ежова, Александра Викторовна 
452 1 |0 (RuTPU)RU\TPU\book\256308  |t Геологическая интерпретация геофизических данных  |o учебное пособие  |f А. В. Ежова  |g Национальный исследовательский Томский политехнический университет (ТПУ), Институт природных ресурсов (ИПР), Кафедра геологии и разведки полезных ископаемых (ГРПИ)  |e 3-е изд.  |c Томск  |n Изд-во ТПУ  |d 2012  |a Ежова, Александра Викторовна 
606 1 |a Буровые скважины  |x Геофизические исследования  |2 stltpush  |3 (RuTPU)RU\TPU\subj\30610  |9 53695 
610 1 |a геология 
610 1 |a геофизические методы 
610 1 |a осадочные толщи 
610 1 |a системный анализ 
610 1 |a геофизические данные 
610 1 |a интерпретация 
610 1 |a картирование 
610 1 |a электрометрия 
610 1 |a коллекторы 
610 1 |a учебные пособия 
610 1 |a труды учёных ТПУ 
675 |a 550.832(075.8)  |v 3 
700 1 |a Ежова  |b А. В.  |c геолог  |c доцент Томского политехнического университета, кандидат геолого-минералогических наук  |f 1939-  |g Александра Викторовна  |2 stltpush  |3 (RuTPU)RU\TPU\pers\26246 
712 0 2 |a Национальный исследовательский Томский политехнический университет (ТПУ)  |c (2009- )  |2 stltpush  |3 (RuTPU)RU\TPU\col\15902 
801 1 |a RU  |b 63413507  |c 20051116  |g PSBO 
801 2 |a RU  |b 63413507  |c 20220831  |g PSBO 
900 |a Геологическая интерпретация геофизических данных 
900 |a Интерпретация данных геофизических исследований скважин 
900 |a Физико-геологические основы интерпретации геофизических данных 
942 |c BK